000 00514nam a22001817a 4500
005 20230331164523.0
008 230331b |||||||| |||| 00| 0 eng d
020 _a978-0-387-95041-9
041 _aeng
082 _a579.3 BRE-B
100 _aVOS,PAUL DE., GARRITY, GEORGE M.,JONES, DOROTHY AND OTHERS
_97583
245 _aBERGEY'S MANUAL OF SYSTEMATIC BACTERIOLOGY VOL-3 -THE FIRMICUTE
250 _a2nd ed.
260 _bSPRINGER
300 _a1450;P.
650 _aPHARMACY
_xB.PHARAM
_97584
942 _cBK
999 _c8262
_d8260